000 00344 a2200157 4500
001 75186
020 _a9788535639551
040 _cAnchieta - Colégio São Paulo
100 _aLouzada, Elysanna
240 1 0 _aEu sou o galo
_lpor
245 1 0 _aEu sou o galo
300 _a70
362 0 _a2015
650 4 _aLiteratura infantil
942 _cBK
999 _c75186
_d75186